Plánovanie kvality výroby v podniku diplomová práca

Guardado en:
Detalles Bibliográficos
Autor principal: Chodúrová, Silvia
Autor Corporativo: Fakulta podnikového manažmentu EU. Katedra manažmentu výroby a logistiky - zrušená
Otros Autores: Leščišin, Michal
Formato: Libro
Lenguaje:eslovaco
Publicado: Bratislava 2012
Etiquetas: Agregar Etiqueta
Sin Etiquetas, Sea el primero en etiquetar este registro!

MARC

LEADER 00000nbm a2200000 4500
001 0152512
005 20161109102042.1
041 0 |a slo 
044 |a SK 
245 1 0 |a Plánovanie kvality výroby v podniku  |b diplomová práca  |c Silvia Chodúrová ; školiteľ: Michal Leščišin 
264 1 |a Bratislava  |c 2012 
300 |a 78 s. 
100 1 |a Chodúrová, Silvia 
700 1 |a Leščišin, Michal 
710 2 |a Fakulta podnikového manažmentu EU. Katedra manažmentu výroby a logistiky - zrušená